Elenca la formazione - Quiz n°323 - Statistics

Statistiche generali
  • Questo quiz è stato fatto 95 volte
  • Il punteggio medio è 9 su 11
Statistiche sulle risposte
Ruolo Club dell'epoca Calciatore % Corretto
Portiere Tottneham Hugo Lloris
100%
Centrocampista Manchester United Paul Pogba
98%
Trequartista Atletico Madrid Antoine Griezmann
93%
Difensore Real Madrid Raphaël Varane
91%
Centrocampista Chelsea N'Golo Kanté
85%
Difensore Barcellona Samuel Umtiti
84%
Attaccante Arsenal Olivier Giroud
83%
Difensore Stoccarda Benjamin Pavard
80%
Ala Paris Saint-Germain Kylian Mbappé
76%
Ala Juventus Blaise Matuidi
70%
Difensore Bayern Monaco Lucas Hernández
63%
Nessun quiz corrispondente trovato
Distribuzione punteggi
Percentuale di utenti per punteggio
Percentile per numero di risposta
I tuoi punteggi nel tempo
Non hai fatto questo quiz